En torno a la piedra desnuda : arqueología y ciudad entre identidad y proyecto
সংরক্ষণ করুন:
| প্রধান লেখক: | , |
|---|---|
| বিন্যাস: | বৈদ্যুতিন গ্রন্থ |
| ভাষা: | স্প্যানিশ ইতালিয় |
| প্রকাশিত: |
Valencia
Publicacions de la Universitat de València,
2013
|
| মালা: | Història
|
| বিষয়গুলি: | |
| অনলাইন ব্যবহার করুন: | https://elibro.unach.elogim.com/es/lc/unach/titulos/292684 |
| ট্যাগগুলো: |
ট্যাগ যুক্ত করুন
কোনো ট্যাগ নেই, প্রথমজন হিসাবে ট্যাগ করুন!
|
MARC
| LEADER | 00000nam a2200000 i 4500 | ||
|---|---|---|---|
| 001 | ELB292684 | ||
| 003 | FINmELB | ||
| 005 | 20250801161521.0 | ||
| 006 | m o d | | ||
| 006 | m |o d | ||
| 007 | cr cnu|||||||| | ||
| 007 | cr |n |||||||| | ||
| 008 | 260219s2013 sp o 000 0 spa d | ||
| 020 | |a 9788437093338 |q (ebook) | ||
| 020 | |z 9788437092348 | ||
| 035 | |a (OCoLC)991992782 | ||
| 040 | |a FINmELB |b eng |e rda |c FINmELB | ||
| 041 | 1 | |a spa |h ita | |
| 050 | 4 | |a CC79.U72 |b R533 2013 | |
| 080 | |a 351.853 | ||
| 080 | |a 902.3 | ||
| 082 | 0 | 4 | |a 930.1 |2 23 |
| 100 | 1 | |a Ricci, Andreina |e autor |4 aut | |
| 240 | 1 | 0 | |a Attorno alla nuda pietra |l Español |
| 245 | 1 | 0 | |a En torno a la piedra desnuda : |b arqueología y ciudad entre identidad y proyecto |c Andreina Ricci ; edición e introducción de Ricardo González Villaescusa ; traducción de Mónica Granell |
| 264 | 1 | |a Valencia |b Publicacions de la Universitat de València, |c 2013 | |
| 300 | |a 1 recurso en línea | ||
| 336 | |a texto |b txt |2 rdamedia/spa | ||
| 337 | |a computadora |b c |2 rdamedia/spa | ||
| 338 | |a recurso en línea |b cr |2 rdacarrier/spa | ||
| 490 | 1 | |a Història | |
| 500 | |a Registro generado automáticamente a partir de metadatos facilitados por DILVE | ||
| 504 | |a Bibliografía: páginas 179-188 | ||
| 588 | |a Descripción basada en metadatos suministrados por el editor y otras fuentes. | ||
| 590 | |a Recurso electrónico. Santa Fe, Arg.: elibro, 2026. Disponible vía World Wide Web. El acceso puede estar limitado para las bibliotecas afiliadas a elibro. | ||
| 594 | |a Título original: Attorno alla nuda pietra | ||
| 650 | 4 | |a Patrimonio cultural |x Protección | |
| 650 | 4 | |a Restos arqueológicos |x Preservación | |
| 655 | 4 | |a Libros electrónicos. | |
| 700 | 1 | |a González Villaescusa, Ricardo |e autor |4 aut | |
| 797 | 2 | |a elibro, Corp. | |
| 830 | 0 | |a Història | |
| 856 | 4 | 0 | |u https://elibro.unach.elogim.com/es/lc/unach/titulos/292684 |